Asia proves the bigger draw (Record no. 84002)

MARC details
000 -LEADER
fixed length control field 01019cab a22002055a 4500
001 - CONTROL NUMBER
control field L156416
008 - FIXED-LENGTH DATA ELEMENTS--GENERAL INFORMATION
fixed length control field 120518e2012 xxk 000 0 eng d
035 ## - SYSTEM CONTROL NUMBER
System control number (Sirsi) u156416
041 0# - LANGUAGE CODE
Language code of text/sound track or separate title eng
110 2# - MAIN ENTRY--CORPORATE NAME
Corporate name or jurisdiction name as entry element EuroProperty
9 (RLIN) 1216
245 00 - TITLE STATEMENT
Title Asia proves the bigger draw
260 ## - PUBLICATION, DISTRIBUTION, ETC.
Date of publication, distribution, etc. 2012
490 #0 - SERIES STATEMENT
Series statement EuroProperty
Volume/sequential designation 23 April 2012, 19(1)
520 ## - SUMMARY, ETC.
Summary, etc. Investors set to allocate more funds in Asian non-listed real estate vehicles than European according to a joint INREV and ANREV, the respective European and Asian associations for investors in non-listed real estate vehicles. More than 80% of investors in Asia are expected to increase their allocations while European investments will be much lower at 40%. Listed assets are more attractive in Asia with China as the preferred location. Fund style seems to be much more important to investors selecting European than those selecting Asian funds.
590 ## - LOCAL NOTE (RLIN)
Local note KA
651 #4 - SUBJECT ADDED ENTRY--GEOGRAPHIC NAME
Geographic name Europe
651 #4 - SUBJECT ADDED ENTRY--GEOGRAPHIC NAME
Geographic name Asia
690 ## - LOCAL SUBJECT ADDED ENTRY--TOPICAL TERM (OCLC, RLIN)
Topical term or geographic name as entry element Commercial property
9 (RLIN) 6227
942 ## - ADDED ENTRY ELEMENTS (KOHA)
Suppress in OPAC 0
Holdings
Withdrawn status Lost status Source of classification or shelving scheme Damaged status Not for loan Home library Current library Shelving location Date acquired Total Checkouts Full call number Barcode Date last seen Copy number Price effective from Koha item type
    Dewey Decimal Classification     London London Journal article 18/05/2012   L156416 156416-1001 06/08/2019 1 06/08/2019 Journal article